000 00817nas a2200253Ia 4500
001 R003/39889
003 IT-RoPAU
008 151124c99999999xx |||||||||||| ||und||
040 _aIT-RoPAU
040 _cIT-RoPAU
041 _aFRANCESE
100 _aPhilippon Alain
_gCodice Aut. SPICS: 18365
210 _aCAHIERS DU CINEMA
222 _aCahiers Du Cinema
245 _aCAHIERS DU CINEMA, ANNO 31-N.330-DICEMBRE 1981
_bDefi D'Une Cineaste (Le)
250 _a1a ed.
260 _aPARIS
_bL'ETOILE
_c1981
501 _bPaulus - SPICS - Società San Paolo EM (non-commercial uses only)
_cCopyright2015
300 _a3 p. [55-57]
362 _aANNO 031, N.330-DICEMBRE 1981
500 _aRecensione-E-Scheda-Del-Film-La-Pelle-Di-Liliana-Cavani
650 _aCINEMA
_vPUBBLICAZIONE PERIODICA
942 _cCR
999 _c157408
_d157408